| 000 -ლიდერი |
| ფიქსირებული სიგრძის საკონტროლო ველი |
00896nam a22002057a 4500 |
| 003 - საკონტროლო ნომრის იდენტიფიკატორი |
| საკონტროლო ველი |
Ge_BSU |
| 005 - ბოლო ოპერაციის თარიღი და დრო |
| საკონტროლო ველი |
20241220121533.0 |
| 008 - ფიქსირებული სიგრძის მონაცემთა ელემენტები - ზოგადი ინფორმაცია |
| ფიქსირებული სიგრძის საკონტროლო ველი |
241220s1973 ge ||||| |||| 00| 0 geo d |
| 041 ## - ენის კოდი |
| Language code of text/sound track or separate title |
geo |
| 080 ## - უნივერსალური ათობითი კლასიფიკაციის ინდექსი |
| Universal Decimal Classification number |
612.014.24 ლ-46 |
| 100 ## - მთავარი ჩანაწერი - პიროვნების სახელი |
| Personal name |
ლეჟავა, თეიმურაზ |
| 9 (RLIN) |
24018 |
| 245 ## - ცნობა სათაურის შესახებ |
| Title |
ადამიანის ქრომოსომთა კვლევის მეთოდები / |
| Statement of responsibility, etc |
თეიმურაზ ლეჟავა. |
| 264 ## - წარმოების, გამოცემის, დისტრიბუციის და სხვა ცნობები |
| გამოცემის, წარმოების, დისტრიბუციის... ადგილი |
თბილისი : |
| გამოცემის, წარმოების, დისტრიბუციის... სახელწოდება |
განათლება, |
| გამოცემის, წარმოების, დისტრიბუციის... თარიღი |
1973. |
| 300 ## - ფიზიკური აღწერა |
| Extent |
134 გვ. : |
| Other physical details |
ილ. ; |
| Dimensions |
21 სმ. |
| 501 ## - შენიშვნა თანმხლებ მასალაზე |
| With note |
საგანთა საძიებელი: გვ. 127-132. |
| 504 ## - BIBLIOGRAPHY, ETC. NOTE |
| Bibliography, etc |
ბიბლიოგრაფია: გვ. 121-126. |
| 653 ## - INDEX TERM--UNCONTROLLED |
| Uncontrolled term |
ადამიანის ქრომოსომები |
| 653 ## - INDEX TERM--UNCONTROLLED |
| Uncontrolled term |
მედიცინა |
| 942 ## - ADDED ENTRY ELEMENTS (KOHA) |
| Source of classification or shelving scheme |
|
| Koha item type |
წიგნი |